000 00712nam a22002297a 4500
999 _c15014
_d15014
003 AR-CdUCM
008 190425b ||||| |||| 00| 0 spa d
020 _a978-612-47128-6-9
040 _aMUNICIPALIDAD PROVINCIAL DEL CUSCO
_cBIBLIOTECA MUNICIPAL DEL CUSCO
082 _aPI / 803 /
_bG25
100 _aGarayar, Carlos
_924901
245 _aJuanes para San Juan /
260 _aLima :
_bPanamericana,
_c2017.
300 _a35 páginas ;
_c21.5 cm.
_bIlustración
440 _aNiños del Perú
_933336
650 _aLiteratura infantil
_9588
650 _aLectura
_92069
650 _aInfancia
_95236
700 _aAyuni, Christian (Ilustración)
_934019
942 _2ddc
_cLIBROS
945 _arah
_d25/04/2019